000 00579nam a2200253Ia 4500
005 20260320200837.0
008 008 262003s9999 xx 000 0 eng d
020 _a9781630814311
037 _aEBOOK
040 _aCRL
040 _beng
040 _cCRL
041 _2eng
041 _aeng
084 _qCRL
100 _aGriffiths
245 3 _aAn Introduction to Passive Radar
260 _bIEEE
260 _c2017
856 _uhttps://ieeexplore.ieee.org/servlet/opac?bknumber=9100082
942 _cEBOOK
999 _c1717247
_d1717247